000 00515nam a2200181Ia 4500
003 GCL
008 140319s9999 xx 000 0 ara d
040 _aGCL /
_cGCL
082 0 4 _aط
_b155.4
_bم ط
100 1 _aمحمد مصطفى بدر
245 1 0 _aطفولتى ومبادىء, ط1 /
_cمحمد مصطفى بدر
260 _a[S.N] :
_bمنشاة المعارف الاسلامية ،
_c1987
300 _a112
490 _a
650 0 4 _aالاطفال
650 0 4 _aعلم النفس
942 _2ddc
_cBK
999 _c57711
_d57711